Super Villain Alter Egos - Statistics

General Stats
  • This quiz has been taken 999 times
  • The average score is 9 of 15
Answer Stats
Hint Answer % Correct
Otto Octavius Dr. Octopus
90%
Selina Kyle Catwoman
89%
Harvey Dent Two-Face
89%
Norman Osborn Green Goblin
87%
Harleen Quinzel Harley Quinn
78%
Oswald Cobblepot The Penguin
76%
Erik Lensherr Magneto
63%
Slade Wilson Deathstroke The Terminator
59%
Wilson Fisk Kingpin
58%
Victor Creed Sabretooth
42%
Cain Marko Juggernaut
36%
Leonard Snart Captain Cold
35%
Quentin Beck Mysterio
31%
Adrian Veidt Ozymandias
21%
Oroku Saki Shredder
20%
No matching quizzes found
Score Distribution
Percent of People with Each Score
Percentile by Number Answered
Your Score History
You have not taken this quiz